Cargando...
Understanding psychology /
| Autor Principal: | |
|---|---|
| Idioma: | Undetermined |
| Publicado: |
Delhi :
Tata McGraw Hill ,
1997.
|
| Edición: | 11th |
| LEADER | 00478nam a2200157Ia 4500 | ||
|---|---|---|---|
| 001 | 79943 | ||
| 008 | 170722s9999 xx 000 0 und d | ||
| 020 | |a 00746312125 | ||
| 100 | |a Feldman, Robert S. | ||
| 245 | |a Understanding psychology / | ||
| 250 | |a 11th | ||
| 260 | |a Delhi : |b Tata McGraw Hill , |c 1997. | ||
| 300 | |a 753 p. |c 27Cms | ||
| 942 | |c GEN | ||
| 999 | |c 118437 |d 118437 | ||
| 952 | |0 0 |1 0 |4 0 |6 S_N7 |7 0 |9 167449 |a LIB |b LIB |d 2017-08-12 |l 11 |o S N7 |p 232454 |r 2020-01-07 |s 2019-12-07 |w 2017-08-12 |y GEN | ||